| 000 | 00624nam a2200193 i 4500 | ||
|---|---|---|---|
| 001 | 40489 | ||
| 003 | ES-MaACL | ||
| 005 | 20231212062534.0 | ||
| 007 | t| | ||
| 008 | 030306s1978 sp ||||1| spa d | ||
| 100 | 1 |
_aCaro Baroja, Julio, _d1914-1995 _935403 |
|
| 245 | 1 | 4 |
_aLas formas complejas de la vida religiosa _b: (religión, sociedad y carácter en la España de los siglos XVI y XVII) / _cJulio Caro Baroja. |
| 260 |
_a[Madrid] : _bAkal, _c[1978] |
||
| 300 |
_a622 p. ; _c23 cm. |
||
| 490 | 1 | _aSerie textos | |
| 830 | 0 |
_aSerie textos _9185743 |
|
| 852 |
_aES-MaACL _jA-8826 _bR.97921 |
||
| 999 |
_c40489 _d40489 |
||